[Event "Capablanca Memorial op-B 48th"]
[Site "Havana"]
[Date "2013.04.29"]
[Round "8"]
[White "Pich Lopez, Marian Liliam"]
[Black "Rosa, Daniel"]
[Result "1-0"]
[WhiteElo "2000"]
[BlackElo "2202"]
[PlyCount "113"]
[EventDate "2013.04.21"]
[EventType "swiss"]
[EventRounds "9"]
[EventCountry "CUB"]
[SourceTitle "CBM 154 Extra"]
[Source "ChessBase"]
[SourceDate "2013.06.25"]
[SourceVersion "2"]
[SourceVersionDate "2013.06.25"]
[SourceQuality "1"]

1. e4 e6 2. d4 d5 3. Nd2 dxe4 4. Nxe4 Bd7 5. Nf3 Bc6 6. Bd3 Nd7 7. c3 Ngf6 8. Ng3 Bd6 9. 0-0 0-0 10. Qe2 b6 11. Ne5 Bb7 12. Bg5 Be7 13. f4 c5 14. dxc5 Nxc5 15. Bc2 Ba6 16. c4 h6 17. Nc6 Qc7 18. Nxe7+ Qxe7 19. Bh4 Ncd7 20. Ne4 Rac8 21. b3 Bb7 22. Nxf6+ Nxf6 23. Kh1 Rfd8 24. Rae1 Qb4 25. Rd1 b5 26. Be1 Qc5 27. Bf2 Qc6 28. Bxa7 bxc4 29. bxc4 g6 30. Bd4 Nh5 31. Qg4 Kh7 32. f5 gxf5 33. Rxf5 Qxg2+ 34. Qxg2 Bxg2+ 35. Kxg2 exf5 36. Bxf5+ Kg8 37. Bxc8 Rxc8 38. Rc1 Nf4+ 39. Kf3 Ne6 40. Be3 Ra8 41. Rc2 Ra3 42. Ke2 Kg7 43. c5 f5 44. c6 f4 45. Bg1 f3+ 46. Kf2 Nc7 47. Kg3 Kg6 48. Bb6 Nd5 49. Bd8 Ne3 50. c7 Nf5+ 51. Kf2 Nd6 52. Be7 Ne4+ 53. Kf1 Nd2+ 54. Rxd2 Rc3 55. Bd6 Kf5 56. Kf2 Ke4 57. a4 1-0

[Event "Capablanca Memorial op-B 48th"]
[Site "Havana"]
[Date "2013.04.27"]
[Round "6"]
[White "Pich Lopez, Marian Liliam"]
[Black "Sarabia, Lubin"]
[Result "1-0"]
[WhiteElo "2000"]
[BlackElo "2081"]
[PlyCount "27"]
[EventDate "2013.04.21"]
[EventType "swiss"]
[EventRounds "9"]
[EventCountry "CUB"]
[SourceTitle "CBM 154 Extra"]
[Source "ChessBase"]
[SourceDate "2013.06.25"]
[SourceVersion "2"]
[SourceVersionDate "2013.06.25"]
[SourceQuality "1"]

1. e4 c5 2. Nf3 e6 3. d4 cxd4 4. Nxd4 Nc6 5. Nc3 a6 6. Be3 Nf6 7. f3 Qc7 8. Qd2 Na5 9. a3 b5 10. Be2 b4 11. axb4 Bxb4 12. 0-0 h6 13. Ncb5 Bxd2 14. Nxc7+ 1-0

[Event "Capablanca Memorial op-B 48th"]
[Site "Havana"]
[Date "2013.04.25"]
[Round "5"]
[White "Condor Flores, Andres Efrain"]
[Black "Pich Lopez, Marian Liliam"]
[Result "0-1"]
[WhiteElo "1900"]
[BlackElo "2000"]
[PlyCount "74"]
[EventDate "2013.04.21"]
[EventType "swiss"]
[EventRounds "9"]
[EventCountry "CUB"]
[SourceTitle "CBM 154 Extra"]
[Source "ChessBase"]
[SourceDate "2013.06.25"]
[SourceVersion "2"]
[SourceVersionDate "2013.06.25"]
[SourceQuality "1"]

1. e4 e5 2. Nf3 Nf6 3. Nxe5 d6 4. Nf3 Nxe4 5. Nc3 Nf6 6. d4 Be7 7. Bd3 0-0 8. Bf4 Re8 9. 0-0 Bg4 10. Ne2 Nd5 11. Bd2 Nc6 12. c3 Bxf3 13. gxf3 Bg5 14. f4 Bh6 15. c4 Nf6 16. d5 Ne7 17. Bc3 Ng6 18. f5 Ne5 19. Bxe5 Rxe5 20. Ng3 Nd7 21. Qf3 Qh4 22. Qg2 Rae8 23. Rad1 Nc5 24. b3 a5 25. Bc2 Bf4 26. Rd4 Qg5 27. h4 Qh6 28. Nh5 Qxh5 29. Rxf4 Qe2 30. Rg4 Qxc2 31. Rxg7+ Kh8 32. f6 Qe4 33. Qg3 Rf8 34. Kh2 Rh5 35. f4 Rh6 36. Rxf7 Rxf7 37. Re1 Rg6 0-1

[Event "Capablanca Memorial op-B 48th"]
[Site "Havana"]
[Date "2013.04.24"]
[Round "4"]
[White "Pich Lopez, Marian Liliam"]
[Black "Parra Gomez, Adrian"]
[Result "0-1"]
[WhiteElo "2000"]
[BlackElo "2130"]
[PlyCount "102"]
[EventDate "2013.04.21"]
[EventType "swiss"]
[EventRounds "9"]
[EventCountry "CUB"]
[SourceTitle "CBM 154 Extra"]
[Source "ChessBase"]
[SourceDate "2013.06.25"]
[SourceVersion "2"]
[SourceVersionDate "2013.06.25"]
[SourceQuality "1"]

1. e4 c5 2. Nf3 d6 3. d4 cxd4 4. Nxd4 Nf6 5. Nc3 a6 6. f3 e5 7. Nb3 Be6 8. Be3 Be7 9. Be2 0-0 10. 0-0 d5 11. exd5 Nxd5 12. Nxd5 Bxd5 13. Qe1 Qc7 14. Rd1 Be6 15. Bd3 f5 16. Qa5 Qxa5 17. Nxa5 b5 18. a4 Rc8 19. g4 f4 20. Bf2 Bd7 21. Be4 Bc6 22. Nxc6 Nxc6 23. Rd7 Bf8 24. Rb7 Na5 25. axb5 Nxb7 26. Bd5+ Kh8 27. Bxb7 axb5 28. Rd1 Rd8 29. Rxd8 Rxd8 30. Kf1 Rd2 31. Be4 Bb4 32. Be1 Rd1 33. c3 Be7 34. Ke2 Ra1 35. b4 Ra2+ 36. Bd2 Ra6 37. Kd3 Rd6+ 38. Kc2 Rh6 39. Bd3 Rxh2 40. Bxb5 g6 41. Kd3 h5 42. gxh5 gxh5 43. c4 h4 44. c5 h3 45. Bc3 Bf6 46. Bd7 e4+ 47. fxe4 Bxc3 48. Kxc3 Rc2+ 49. Kxc2 h2 50. c6 h1Q 51. Bf5 f3 0-1

[Event "Capablanca Memorial op-B 48th"]
[Site "Havana"]
[Date "2013.04.23"]
[Round "3"]
[White "Nunez Rocio, Fernando"]
[Black "Pich Lopez, Marian Liliam"]
[Result "1-0"]
[WhiteElo "2174"]
[BlackElo "2000"]
[PlyCount "111"]
[EventDate "2013.04.21"]
[EventType "swiss"]
[EventRounds "9"]
[EventCountry "CUB"]
[SourceTitle "CBM 154 Extra"]
[Source "ChessBase"]
[SourceDate "2013.06.25"]
[SourceVersion "2"]
[SourceVersionDate "2013.06.25"]
[SourceQuality "1"]

1. Nf3 Nf6 2. g3 g6 3. Bg2 Bg7 4. 0-0 0-0 5. d3 d6 6. c4 e5 7. Nc3 a5 8. a3 Nbd7 9. Rb1 Nh5 10. b4 h6 11. Nh4 Kh7 12. e4 Nf4 13. Bxf4 exf4 14. Ne2 Ne5 15. Nf3 Bg4 16. Nxe5 dxe5 17. f3 Bd7 18. b5 Qg5 19. Qc1 Rad8 20. Rd1 Qh5 21. b6 c5 22. Nc3 Bh3 23. Nd5 f5 24. Rf1 fxe4 25. dxe4 Bd7 26. Qd2 Rf7 27. g4 Qg5 28. Qf2 Rdf8 29. Rfd1 Bf6 30. Qxc5 h5 31. h3 hxg4 32. hxg4 Kg7 33. Nc7 Be7 34. Qxa5 Bxg4 35. fxg4 Qxg4 36. Qxe5+ Bf6 37. Qd5 f3 38. Rd2 Kg8 39. Rf2 fxg2 40. Rxg2 Qf3 41. Rf1 Qe3+ 42. Rff2 Qe1+ 43. Kh2 Be5+ 44. Qxe5 Rxf2 45. Qe6+ Kh8 46. Qh3+ Kg7 47. Ne6+ Kg8 48. Nxf8 Rxg2+ 49. Kxg2 Qe2+ 50. Kg3 Qe3+ 51. Kh4 Qxe4+ 52. Qg4 Qe7+ 53. Kh3 Qe3+ 54. Qg3 Qxg3+ 55. Kxg3 Kxf8 56. c5 1-0

[Event "Capablanca Memorial op-B 48th"]
[Site "Havana"]
[Date "2013.04.21"]
[Round "1"]
[White "Quesda Chow, Ismael"]
[Black "Pich Lopez, Marian Liliam"]
[Result "1/2-1/2"]
[WhiteElo "2217"]
[BlackElo "2000"]
[PlyCount "98"]
[EventDate "2013.04.21"]
[EventType "swiss"]
[EventRounds "9"]
[EventCountry "CUB"]
[SourceTitle "CBM 154 Extra"]
[Source "ChessBase"]
[SourceDate "2013.06.25"]
[SourceVersion "2"]
[SourceVersionDate "2013.06.25"]
[SourceQuality "1"]

1. e4 e5 2. Nf3 Nf6 3. Nxe5 d6 4. Nf3 Nxe4 5. Nc3 Nf6 6. d4 Be7 7. Bd3 0-0 8. h3 b6 9. Ne4 Nbd7 10. Ng3 Bb7 11. 0-0 Re8 12. c4 d5 13. Re1 Bf8 14. b3 Rxe1+ 15. Qxe1 dxc4 16. bxc4 Bxf3 17. gxf3 Nc5 18. Qe3 Nxd3 19. Qxd3 Qd7 20. Kg2 Rd8 21. Bb2 Bc5 22. Rd1 Qa4 23. Qb3 Qd7 24. Qc2 Bd6 25. d5 Bxg3 26. Bxf6 Re8 27. fxg3 gxf6 28. Rd4 f5 29. g4 Qe7 30. gxf5 Qe2+ 31. Qxe2 Rxe2+ 32. Kg3 Rxa2 33. f6 Re2 34. Kf4 a5 35. d6 cxd6 36. Rxd6 h6 37. Rxb6 Rc2 38. Rc6 a4 39. Ke5 a3 40. Kd5 a2 41. Ra6 Kh7 42. c5 Rd2+ 43. Kc6 Kg6 44. Kc7 Kf5 45. Kb7 Rb2+ 46. Kc7 Rc2 47. c6 Kxf6 48. Kd8 a1Q 49. Rxa1 Rxc6 1/2-1/2